00855pam a2200241 a 4500001000500000005001700005020001800022040002300040050001500063082001100078100002200089245010200111260003600213300006100249505000800310520015500318521002000473521002000493650001900513650001800532700003100550700003200581349520260320080207.0 a9780590433501 aDLCcDLCdDLCbeng00aPZ7.S5299200a813.541 aSharmat, Mitchell10aGregory, the terrible eater /cby Mitchell Sharmat ; illustrated by Jose Aruego and Ariane Dewey. aNew York :bScholastic , c1980 a32 unnumbered pages : bcolor illustrations ; c20 cm .  aJ  aA very picky eater, Gregory the goat refuses the usual goat diet staples of shoes and tin cans in favor of fruits, vegetables, eggs, and orange juice. a490 bLexile  aJ bRaz-Plus  1aGoatsxFiction 1aDietxFiction1 aAruego, Joseeillustrator 1 aDewey, Arianeeillustrator